00727cam a22002173a 450000100060000000300060000600500170001200800410002904000150007004200070008505000070009210000410009924501140014026000290025450600300028351600200031365300440033365300610037783000290043885600420046732483PGUSA20140828083713.0100522s2010||||xxu|||||s|||||000 | eng d aPGUSAbeng adc 4aBR1 aRobertson, James Craigie,d1813-188210aSketches of Church History, from A.D. 33 to the Reformationh[electronic resource] /cJames Craigie Robertson bProject Gutenberg,c2010 aPublic domain in the USA. aElectronic text aChurch history -- Middle Ages, 600-1500 aChurch history -- Primitive and early church, ca. 30-600 0aProject Gutenbergv3248340uhttp://www.gutenberg.org/ebooks/32483